A tale of two cities / (Record no. 42682)

MARC details
000 -LEADER
fixed length control field 00632nam a22001937a 4500
005 - DATE AND TIME OF LATEST TRANSACTION
control field 20100820114431.0
010 ## - LCCN (DPL NO)
LC control number ENG-101105
020 ## - INTERNATIONAL STANDARD BOOK NUMBER
International Standard Book Number 8183410936
Terms of availability 150.00
035 ## - SYSTEM CONTROL NUMBER
System control number EN-84638
037 ## - SOURCE OF ACQUISITION
Source of stock number/acquisition DBAD/PUB
082 ## - DEWEY DECIMAL CLASSIFICATION NUMBER
Classification number N
100 ## - MAIN ENTRY--PERSONAL NAME
Personal name Dickens, Charles
245 ## - TITLE STATEMENT
Title A tale of two cities /
Statement of responsibility, etc Charles Dickens
260 ## - PUBLICATION, DISTRIBUTION, ETC. (IMPRINT)
Place of publication, distribution, etc Delhi
Name of publisher, distributor, etc Rohan Book Company
Date of publication, distribution, etc 2004
270 ## - ADDRESS
Address G-22 Indraprastha Apptt.Patpar Ganj Plot No-114
City New Delhi
Postal code 110092
300 ## - PHYSICAL DESCRIPTION
Extent 360p
Dimensions 18cm(Hb)
942 ## - ADDED ENTRY ELEMENTS (KOHA)
Source of classification or shelving scheme Dewey Decimal Classification
Item type English Books
Classification part N
Call number suffix DIC
Holdings
Withdrawn status Lost status Not for loan Collection code Home library Current library Date acquired Source of acquisition Cost, normal purchase price Full call number Barcode Copy number Cost, replacement price Koha item type
    Not For Loan Fiction D.B.Act.Division D.B.Act.Division 20/08/2010 DBAD/PUB 150.00 N DIC EN-84638 1 150.00 English Books

© Delhi Public Library
Hit Counter
free hit counter